000 00550nam a22002177a 4500
003 UA-OsUOA
001 39012
007 ta
008 20060602b un ||||| |||| 00| 0 ukr d
100 _aЛісовенко Микола
090 _a32
_bЛ11
942 _cSA
040 _aUA-OsUOA
_bukr
_cUA-OsUOA
_dUA-OsUOA
245 _aНа часі - адміністративно-територіальна реформа
300 _a4 с.
955 _a0
041 _aukr
080 _a32
773 0 _w39011
650 7 _a32 Політика
_2UDC
999 _c325156
_d325156